Cría y explotación del conejo /
Guardado en:
| Autor Principal: | |
|---|---|
| Formato: | Libro |
| Publicado: |
Buenos Aires :
Albatros,
1981
|
| Materias: | |
| Etiquetas: |
Agregar Etiqueta
Sin Etiquetas, Sea el primero en etiquetar este registro!
|
| LEADER | 01150nam a22002655a 4500 | ||
|---|---|---|---|
| 001 | CEM.cems015982 | ||
| 005 | 20090929155603.0 | ||
| 008 | 130507s1981##################000#0#####d | ||
| 003 | CEMS | ||
| 020 | |a 9502400836 | ||
| 082 | 0 | 4 | |a 636.9 |
| 100 | 1 | |a López Magaldi, Mario Agustín | |
| 245 | 1 | 0 | |a Cría y explotación del conejo / |c Mario Agustín López Magaldi |
| 260 | |a Buenos Aires : |b Albatros, |c 1981 | ||
| 300 | |a 272 p. | ||
| 505 | 0 | |a Cría del conejo -- Razas -- Pelo del conejo de angora. Estructura medular -- Anatomía y fisiología del conejo -- El plantel reproductor -- alimentación del conejo. Requerimientos -- Nutrición del conejo comparada con otras especies -- Problemas hereditarios por consanguinidad | |
| 653 | |a Conejos | ||
| 653 | |a Cunicultura | ||
| 653 | |a Conejos-razas | ||
| 653 | |a Conejos-anatomía | ||
| 653 | |a Conejos-manipuleo | ||
| 859 | |a CEMS |b BIB. CEMS - Agricultura |h 636.9 |i L881 |p A0472.03 |t Ej.3 | ||
| 859 | |a CEMS |b BIB. CEMS - Agricultura |h 636.9 |i L881 |p A12239.83 |t Ej.1 | ||
| 859 | |a CEMS |b BIB. CEMS - Agricultura |h 636.9 |i L881 |p A16153.91 |t Ej.2 | ||
| 859 | |a CEMS |b BIB. CEMS - Agricultura |h 636.9 |i L881 |p A1876.13 |t Ej.4 | ||
